Felújítják a rendelőt

Elmentve itt :
Bibliográfiai részletek
Dokumentumtípus: Cikk
Megjelent: 2010-12-16
Sorozat:Délmagyarország 100 No. 292
Kulcsszavak:Szeged, Egészségügy egészségügyi intézmények rendelő felújítás Szeged - Acél utca
Online Access:http://dmarchiv.bibl.u-szeged.hu/143890
LEADER 00477nab a2200145 i 4500
001 delm143890
005 20200203092623.0
008 200203s2010 hu o 0|| hun d
040 |a SZTE Délmagyarország Archívum  |b hun 
041 |a hun 
245 0 0 |a Felújítják a rendelőt  |h [elektronikus dokumentum] 
260 |c 2010-12-16 
300 |a 3 
490 0 |a Délmagyarország  |v 100 No. 292 
695 |a Szeged, Egészségügy egészségügyi intézmények rendelő felújítás Szeged - Acél utca